| 000 | 00349nam a2200097Ia 4500 | ||
|---|---|---|---|
| 008 | 180205s9999 xx 000 0 und d | ||
| 100 | _aRodriguez, Myrna S. | ||
| 245 |
_aTeaching guide for senior hign school general chemistry 2 : _bspecialized subject/ academic-stem |
||
| 260 |
_aQuezon City _bCommision on higher education _c2016 |
||
| 300 | _a589 pages | ||
| 999 |
_c354943 _d354943 |
||